Acta Evropského polytechnického institutu, s.r.o. Česká republika
Guardado en:
| Formato: | Libro |
|---|---|
| Lenguaje: | checo eslovaco |
| Publicado: |
Kunovice
Evropský polytechnický institut
2001
|
| Materias: | |
| Etiquetas: |
Sin Etiquetas, Sea el primero en etiquetar este registro!
|
MARC
| LEADER | 00000nam$a2200000$$$4500 | ||
|---|---|---|---|
| 001 | 0059914 | ||
| 005 | 20240104115202.3 | ||
| 020 | |a 80-7314-000-4 | ||
| 041 | 0 | |a cze | |
| 041 | 0 | |a slo | |
| 044 | |a CZ | ||
| 245 | 1 | 0 | |a Acta Evropského polytechnického institutu, s.r.o. |b Česká republika |
| 264 | 1 | |a Kunovice |b Evropský polytechnický institut |c 2001 | |
| 300 | |a 210 s. | ||
| 610 | 2 | 0 | |a vzdelanie ekonomické |
| 610 | 2 | 0 | |a vzdelávanie vysokoškolské |
| 610 | 2 | 0 | |a vzdelávanie dospelých |
| 610 | 2 | 0 | |a ekonómia |